000 00969nam a2200229 a 4500
001 40027
003 BD-RjUL
005 20211209053124.0
008 160421r20151996bg a||| |||| 00| 0 ben d
020 _c: TK 100.00
035 _a(BD-RjUL) 40142
040 _aBD-RjUL
_bben
_cBD-RjUL
041 _aben
082 _223
_a954.9205092
_bHOS 2015
100 _aহোসেন, সৈয়দ আবুল
_9122167
245 1 0 _aস্বাধীনতার জনক :
_bবঙ্গবন্ধ শেখ মুজিবুর রহমান /
_cসৈয়দ আবুল হোসেন
260 _aঢাকা :
_bমো.আবদুল কাদের,
_c১৯৯৬ [মুদ্রণ ২০১৫]
300 _a১০৮ পৃ. :
_bচিত্র ;
_c২২ সেমি.
600 _aরহমান, শেখ মুজিবুর
_cবঙ্গবন্ধু
_9123293
600 _aRahman,Sheikh Mujibur
_cBangabandhu
_9123294
942 _2ddc
_cBK
999 _c40027
_d40027